zpět

Detail výsledku týmu

Rockle Klub, České Budějovice

Datum a čas kvízu

20.5 Celkem bodů Celkový počet nahraných bodů na tomto kvízu bez doplňovacích otázek.
9. Pořadí na kvízu Konečné umístění týmu na tomto kvízu.

Zaznamenané odpovědi

# Otázka Odpověď Body Výsledky
1. Jistý poslanec za SPD minulý t... Radek Koten 0
2. Ve kterém německém městě se mi... v Mnichově 0
3. Jak se nazývá německý zámek, j... Moritzburg 0
4. Tradiční český výrobce klavírů... Petrof 1
5. Který norský sportovec získal... Johannes Bö 1
6. Obec s nejdelším názvem v Česk... A 0
7. Česká republika hraničí se čty... 1A 2B 3C 4D 0
8. Nejvýše položená železniční st... Kubova 1
9. V této otázce bude potřeba k z... 1A 2D 3B 4C 0
10. V České republice jsou čtyři ú... NP Šumava 1